000
00351nam a2200133Ia 4500
008
191206s9999 xx 000 0 und d
020
_a
177922043X
090
_a
PR9390.SW75
245
0
_a
Writing now: more stories from Zimbabwe
260
_a
Weaver Press
260
_c
c2005
300
_a
"xvi, 304 p. ; 21 cm."
999
_c
17332
_d
17332